Código de quiebras de los Estados Unidos de América : U.S. Code /

Guardado en:
Autor Principal: Dasso, Ariel G.
Otros Autores: Alegría. Héctor, (prol.)
Formato: Libro
Idioma:Multiple
Publicado: Ciudad Autónoma de Buenos Aires : Erreius, 2014.
Edición:1a. ed.
Materias:
Etiquetas: Agregar Etiqueta
Sin Etiquetas, Sea el primero en etiquetar este registro!
LEADER 00622nam a22001815a 4500
001 DER.der014488
008 191121s2014####ag############000#0#mul#d
005 20241031123138.0
245 1 0 |a Código de quiebras de los Estados Unidos de América :  |b U.S. Code /  |c Ariel G. Dasso ; prólogo de Héctor Alegría. 
250 |a 1a. ed. 
260 |a Ciudad Autónoma de Buenos Aires :  |b Erreius,  |c 2014. 
300 |a 682 p. 
546 |a Inglés - Español 
020 |a 9789870117100 
100 1 |a Dasso, Ariel G. 
700 1 |a Alegría. Héctor,  |e prol. 
650 7 |a DERECHO CONCURSAL  |2 UNBIS 
859 |a DERECHO  |b BIB. DERECHO  |h 348.023  |i DAS  |p 009767